Transformation of Indian Armed Fources 2025: Enhancing Indian's defence (Record no. 161014)

MARC details
000 -LEADER
fixed length control field 00403nam a2200145Ia 4500
008 - FIXED-LENGTH DATA ELEMENTS--GENERAL INFORMATION
fixed length control field 230917s9999||||xx |||||||||||||| ||und||
040 ## - CATALOGING SOURCE
-- 201889
Original cataloging agency VIVEKANANDA LIBRARY
041 ## - Language
-- English
082 ## - DDC NUMBER
Classification number 355.00954 L15D
100 ## - MAIN ENTRY--PERSONAL NAME
Personal name Lal, A K
245 #0 - TITLE STATEMENT
Title Transformation of Indian Armed Fources 2025: Enhancing Indian's defence
260 ## - PUBLICATION, DISTRIBUTION, ETC. (IMPRINT)
Place of publication, distribution, etc New Delhi
Name of publisher, distributor, etc Vij Books India
Date of publication, distribution, etc 2012
300 ## - PHYSICAL DESCRIPTION
Pages vii, 421 p.
942 ## - ADDED ENTRY ELEMENTS (KOHA)
Koha item type Books
Holdings
Withdrawn status Lost status Damaged status Not for loan Location (home branch) Sublocation or collection (holding branch) Date acquired Koha issues (times borrowed) Koha full call number Accession No. Koha date last seen Koha item type
        VIVEKANANDA LIBRARY VIVEKANANDA LIBRARY 23/08/2012   355.00954 L15D 294898 17/09/2023 Books
© Designed and Maintained by Vivekananda Library, MDU Rohtak